000 00995nam a2200277 i 4500
001 000026586
003 DO-SdBNP
005 20240501110539.0
007 ta
008 110323s1995 dr ac 000 0 spa d
040 _aDO-SdBNP
_bspa
_cBNPHU
_erda
049 _aBNPD
082 4 _222
100 _aMiolán, Ángel,
_d1912-2010
_943877
_eautor
245 1 0 _aMemoria :
_btestimonios de un octogenario sobre su vida y la política de su pais /
_cAngel Miolán.
264 _aSanto Domingo :
_bLetras de Quisqueya,
_c1995.
300 _a285 páginas :
_bilustraciones, retratos ;
_c24 cm.
336 _2rdacontent
_atexto
_btxt
337 _2rdamedia
_asin mediación
_bn
338 _2rdacarrier
_avolumen
_bnc
500 _aIncluye datos biográficos del autor en la contracubierta
504 _aBibliografía : p. 278-280
505 2 _alibro primero : de la batalla contra la tiranía de Trujillo en la República Dominicana y Haití
590 _aInventariado, 2024/BT
942 _2ddc
_cLBS1
999 _c26078
_d26078